Hamlet : príncipe de dinamarca /
Hamlet es una tragedia de venganza. El espíritu de su padre le pide al joven príncipe de Dinamarca que vengue el asesinato que su propio hermano perpetró contra él. Sin embargo, en la obra de Shakespeare, no destaca la realización de la venganza, sino que el conflicto interno del héroe tiene priorid...
Guardado en:
| Autor Principal: | |
|---|---|
| Otros Autores: | |
| Formato: | Libro |
| Publicado: |
Madrid :
Alba,
1997
|
| Materias: | |
| Etiquetas: |
Agregar Etiqueta
Sin Etiquetas, Sea el primero en etiquetar este registro!
|
| LEADER | 01293nam a22002775a 4500 | ||
|---|---|---|---|
| 001 | CEM.cems005968 | ||
| 008 | 130507s1997##################000#0#####d | ||
| 005 | 20230502100707.0 | ||
| 245 | 1 | 0 | |a Hamlet : |b príncipe de dinamarca / |c William Shakespeare; traducido por María Condor Orduña. |
| 260 | |a Madrid : |b Alba, |c 1997 | ||
| 300 | |a 160 p. | ||
| 520 | |a Hamlet es una tragedia de venganza. El espíritu de su padre le pide al joven príncipe de Dinamarca que vengue el asesinato que su propio hermano perpetró contra él. Sin embargo, en la obra de Shakespeare, no destaca la realización de la venganza, sino que el conflicto interno del héroe tiene prioridad. | ||
| 020 | |a 8475670245 | ||
| 100 | 1 | |a Shakespeare, William | |
| 700 | 1 | |a Condor Orduña, María; trad. | |
| 082 | 0 | 4 | |a 822.3 |
| 653 | |a Literatura | ||
| 653 | |a Literatura inglesa | ||
| 653 | |a Teatro inglés | ||
| 653 | |a Teatro | ||
| 653 | |a Teatro isabelino | ||
| 859 | |a CEMS |b BIB. CEMS - Agricultura |h 822.3 |i Sh14 |p A3451.21 |t Ej.1 | ||
| 859 | |a CEMS |b BIB. CEMS - 11 de abril |h 822.3 |i Sh14-1 |p 8495.80 |t Ej.1 | ||
| 859 | |a CEMS |b BIB. CEMS - 11 de abril |h 822.3 |i Sh14-1 |p 8569.80 |t Ej.2 | ||
| 859 | |a CEMS |b BIB. CEMS - 11 de abril |h 822.3 |i Sh14-1 |p 8567.80 |t Ej.3 | ||
| 859 | |a CEMS |b BIB. CEMS - 11 de abril |h 822.3 |i Sh14-1 |p 25287.08 |t Ej.4 | ||
